000 00514nam a2200193Ia 4500
008 131103s9999 xx 000 0 und d
020 _a4330145
040 _aLoreto College
041 _aEnglish
082 _a423/MAC
_bLCLIB/29763
100 _aManaging editor : William T.McLeod
245 4 _aThe Collins paperback Thesaurus in A - Z form
260 _aLondon
_bCollins and Glasgow
_cCollins
300 _a1986
_b viii,631 p.
440 _a20 cm.
650 _aThesaurus
850 _aLCLIB
942 _cBK
999 _c6908
_d57387